000
00342 a2200157 4500
001
76090
020
_a
9788535932003
040
_c
Anchieta - Colégio São Paulo
100
_a
yousafzai, ziauddin
240
1
0
_a
Livre para voar
_l
por
245
1
0
_a
Livre para voar
300
_a
162
362
0
_a
2019
650
4
_a
Educação
942
_c
BK
999
_c
76090
_d
76090